Statistics for 20 Most Tweeted Words by Donald Trump

Click here to take the quiz!

General Stats

  • This quiz has been taken 403 times
  • The average score is 5 of 20

Answer Stats

#Answer% Correct
475ggreat
84%
165AAmerica
77%
101TTrump
46%
121UU.S.
42%
187ffake
37%
207nnews
33%
125ppresident
32%
210ppeople
26%
147bbig
18%
113AAmerican
14%
107mmedia
13%
142ccountry
10%
145ttax
10%
117jjobs
8%
102ttime
8%
119mmany
7%
125tthank
6%
101mmuch
5%
118ttoday
5%
102wwould
3%

Score Distribution

Percentile by Number Answered

Percent of People with Each Score

Your Score History

You have not taken this quiz